| 000 | 01554cam a2200337 a 4500 | ||
|---|---|---|---|
| 001 | 12463043 | ||
| 003 | NUST | ||
| 005 | 20230209123530.0 | ||
| 008 | 010302s2001 ii a 001 0aeng | ||
| 010 | _a 2001293936 | ||
| 020 | _a8170491282 | ||
| 025 | _aI-E-2001-293936; 63-91 | ||
| 035 | _a(DLC) 200129393 | ||
| 037 |
_bLibrary of Congress -- New Delhi Field Office _cRs595.00 ($35.00 U.S.) |
||
| 040 |
_aDLC _cDLC |
||
| 042 | _alcode | ||
| 043 | _aa-ii--- | ||
| 050 | 0 | 0 |
_aV64.I42 _bB492 2001 |
| 082 | _a954.0359,BHA | ||
| 100 | 1 |
_aBhagwat, Vishnu, _d1939- _9108761 |
|
| 245 | 1 | 0 |
_aBetrayal of the defence forces : _bThe inside truth / _cVishnu Bhagwat. |
| 260 |
_aNew Delhi : _bManas Publications, _c2001. |
||
| 300 |
_a416 p. : _bill. ; _c22 cm. |
||
| 505 | _aBackground (Page-13), Entry with a flourish of trumpets (Page-37), Taking over the reins (Page-43), People - The key resources (Page-53), The Navy and the Nation (Page-61), Advanced light helicopter (Page-73), Air defence ship (Page-81), Memorandum of understanding (Page-93), Dawn of Reality (Page-103), Ajit Kumar (Page-109), Selective logic (Page-155), Public outcry (Page-214), The "Defence" Minister (Page-245), Victory or Sacrifice (Page-253), A Matter of honor (Page-261). | ||
| 600 | 1 | 0 |
_aBhagwat, Vishnu, _d1939- _9108761 |
| 610 | 1 | 0 |
_aIndia. _bIndian Navy _xHistory _y20th century. _9108762 |
| 650 | 0 |
_aAdmirals _xDismissal of _zIndia. _9108763 |
|
| 906 |
_a7 _bcbc _corigode _d3 _encip _f20 _gy-gencatlg |
||
| 942 |
_2ddc _cBK _k954.0359,BHA |
||
| 999 |
_c593171 _d593171 |
||